000 00265nam a2200109Ia 4500
008 190216s9999||||xx |||||||||||||| ||und||
100 _aSay R K
245 0 _aIndian Economics Growth-Constrains&Prospects
260 _bOrient Longman
650 _aEnglish
942 _cBK
999 _c9312
_d9312